Analýza konkurenčnej výhody na úrovni makrosféry a mikrosféry

Guardado en:
Detalles Bibliográficos
Autor principal: Lukačovičová, Zuzana
Formato: Capítulo de libro
Lenguaje:eslovaco
Etiquetas: Agregar Etiqueta
Sin Etiquetas, Sea el primero en etiquetar este registro!

MARC

LEADER 00000naa$a2200000$$$4500
001 0063803
005 20240502071736.0
041 0 |a slo 
044 |a SK 
245 1 0 |a Analýza konkurenčnej výhody na úrovni makrosféry a mikrosféry  |c Zuzana Lukačovičová 
100 1 |a Lukačovičová, Zuzana